000 00683cam a22001934a 4500
005 20250901165612.0
008 031023s2004 maua 001 0 eng
010 _a 2003114505
020 _a0072565985 (pbk. : alk. paper)
020 _a0071199985 (international ed.)
050 0 0 _aQA76.5 .O448 2004
_b.O448 2004
082 0 0 _a004.16
_222
100 1 _aO'Leary, Timothy J.,
_d1947-
245 1 0 _aComputing today /
_cTimothy J. O'Leary, Linda I. O'Leary.
260 _aBoston :
_bMcGraw-Hill Technology Education,
_cc2004.
300 _axxx, 690 p. :
_bcol. ill. ;
_c28 cm. +
_e1 CD-ROM (4 3/4 in.)
500 _aIncludes index.
942 _2lcc
_hQA76.5 .O448 2004
999 _c6507
_d6507